000 00995nam a2200241 4500
001 sa 68014788
003 DLC
005 20260227112635.0
008 700212s1965 ii 100 0 eng
010 _asa 68014788
025 _aPL480:I-E-10448
040 _aDLC
_cDLC
_dDLC
050 0 0 _aLB2301
_b.C557 1964
082 0 0 _a378.54
111 2 _aCollegiate Educational Conference,
_cHyderabad, India,
_d1964.
245 0 0 _aProceedings of the Collegiate Educational Conference [and seminars.
260 _aHyderabad,
_c1965]
300 _aiv, iii, 252 p.
_c24 cm.
500 _a"Organised by Confederation of Affiliated College Teachers' & Managements' Associations, Andhra Pradesh; seminars sponsored by New Science College, Hyderabad; 19th, 20th & 21st December, 1964 at R.B.V.R. Women's College, Hyderabad."
650 0 _aEducation, Higher
_zIndia
_xCongresses.
710 2 _aConfederation of Affiliated College Teachers' and Managements' Associations.
710 2 _aNew Science College.
999 _c86051
_d86051